Formulación y evaluación de proyectos de inversión para principiantes
-д хадгалсан:
| Үндсэн зохиолчид: | , |
|---|---|
| Формат: | Ном |
| Хэл сонгох: | испани |
| Хэвлэсэн: |
Ciudad de México
Ecafsa
2001
Ciudad de México Thomson Learning 2001 |
| Хэвлэл: | 4a. ed |
| Нөхцлүүд: | |
| Шошгууд: |
Шошго нэмэх
Шошго байхгүй, Энэхүү баримтыг шошголох эхний хүн болох!
|
MARC
| LEADER | 00000nam a2200000 a 4500 | ||
|---|---|---|---|
| 001 | UCK4670 | ||
| 003 | CL-VaPUC | ||
| 008 | 050617e20010000mx |||||||||||||||||spa|d | ||
| 020 | |a 970686167X | ||
| 082 | 0 | 4 | |a 658.404 |b HER |2 21 |
| 100 | 0 | |a Hernández Hernández, Abraham |e author |9 493259 | |
| 700 | 0 | |a Hernández Villalobos, Abraham |e author |9 493260 | |
| 245 | 1 | 0 | |a Formulación y evaluación de proyectos de inversión para principiantes |
| 250 | |a 4a. ed | ||
| 300 | |a 430 p | ||
| 942 | |c BK | ||
| 945 | |d 20050617 00:00:00 |a cmena | ||
| 260 | |a Ciudad de México |b Ecafsa |c 2001 | ||
| 260 | |a Ciudad de México |b Thomson Learning |c 2001 | ||
| 650 | 0 | |a Gestión de proyectos |9 260970 | |
| 650 | 0 | |a Proyectos de inversión |9 261065 | |
| 650 | 0 | |a Evaluación de proyectos |9 259341 | |
| 650 | 0 | |a Planificación estratégica |9 259735 | |
| 583 | |a last modification |c 20171010 12:52:52 |k Rodrigo Vera | ||
| 999 | |c 313488 |d 313486 | ||
| 952 | |0 0 |1 0 |4 0 |6 658_404000000000000_HER_2001_2001 |7 0 |8 A |9 384872 |a BIBING |b BIBING |d 2019-11-22 |i 4140117 |o 658.404 HER 2001 2001 |p 4140117 |r 2025-01-20 |w 2019-11-22 |y BK |k EII | ||